Statistics for Animated LGBTQIA+ Characters

Click here to take the quiz!

General Stats

  • This quiz has been taken 35 times
    (14 since last reset)
  • The average score is 30 of 68

Answer Stats

Answer% Correct
Charlie Morningstar
100%
Alastor
89%
Luz Noceda
89%
Nimona
89%
Amity Blight
78%
Angel Dust
78%
Husk
78%
Vaggie
78%
Adora
67%
Blitzo
67%
Valentino
67%
Vox
67%
Asmodeus
56%
Catra
56%
Fizzarolli
56%
Lilith Clawthorne
56%
Marceline Abadeer
56%
Moxxie
56%
Princess Bubblegum
56%
Stolas
56%
Ambrosius Goldenloin
44%
Ballister Blackheart
44%
Barney Guttman
44%
Bow
44%
Eda Clawthorne
44%
Entrapta
44%
Garnet
44%
Hunter
44%
Pearl
44%
Raine Whispers
44%
Ruby
44%
Sapphire
44%
Scorpia
44%
The Collector
44%
Willow Park
44%
Bismuth
33%
Darius Deamonne
33%
Double Trouble
33%
Glimmer
33%
Kyle
33%
Logan Nguyen
33%
Lonnie
33%
Masha
33%
Mermista
33%
Netossa
33%
Papa Titan
33%
Perfuma
33%
Rose Quartz
33%
Sadie Miller
33%
Spinnerella
33%
Vee
33%
Fluorite
22%
General Yunan
22%
Huntara
22%
Lady Olivia
22%
Mayor Toadstool
22%
Mr. X
22%
Norma Khan
22%
Peridot
22%
Rhodonite
22%
Rogelio
22%
Sasha Waybright
22%
Sea Hawk
22%
Shep
22%
Smoky Quartz
22%
Stevonnie
22%
Toadie
22%
Zagan
22%

Score Distribution

Percentile by Number Answered

Percent of People with Each Score

Your Score History

You have not taken this quiz since the last reset